Football Players by Picture #8 - France - Statistics

General Stats
  • This quiz has been taken 8,151 times
  • The average score is 11 of 16
Answer Stats
Picture Answer % Correct
Kylian Mbappe
99%
Zinedine Zidane
98%
Antoine Griezmann
95%
Paul Pogba
95%
N'Golo Kanté
93%
Thierry Henry
92%
Franck Ribéry
88%
Eric Cantona
71%
Patrick Vieira
69%
Nicolas Anelka
56%
David Trezeguet
54%
Michel Platini
54%
Marcel Desailly
53%
Robert Pires
49%
Lilian Thuram
48%
Florent Malouda
27%
No matching quizzes found
Score Distribution
Percent of People with Each Score
Percentile by Number Answered
Your Score History
You have not taken this quiz